Science Quiz

Random Science or Clickable Quiz
Score 0/34 Timer 05:00
0 Plays Today
% Correct
Labia minora
72%
Labia majora
71.7%
Uterine tubes
69.9%
Ovaries
69.6%
Oocytes
69.3%
Fimbriae
69.3%
Clitoris
66.3%
Mons pubis
66.1%
Oogenesis
64.9%
Cervix
60.2%
Endometrium
57.8%
Follicle stimulating hormone
55.2%
Myometrium
53.3%
Corpus albicans
53.1%
Perimetrium
52.5%
Primordial follicles
51%
Progesterone
50.4%
% Correct
Granulosa cells
49.3%
Oestrogen
47.8%
Basal layer
46.9%
Primary follicles
46.4%
Menstruation
46.1%
Corpus luteum
45.5%
Human chorionic gonadotropin
45.5%
Functional layer
44.8%
Proliferative phase
43.2%
Luteinising hormone
42.8%
Follicular phase
42.7%
Vesicular (graffian) follicles
41.5%
Luteal phase
40.1%
Secretory phase
39.1%
Vestibule
38.6%
Secondary follicles
38%
Tunica albuginea
31.2%
Remove Ads.
Support Sporcle.
Get the best of Sporcle when you Go Orange. This ad-free experience offers more features, more stats, and more fun while also helping to support Sporcle. Thank you for becoming a member.

You're not logged in!

Compare scores with friends on all Sporcle quizzes.
OR
Log In

Show Comments

Extras

Top Quizzes Today


Score Distribution

Your Account Isn't Verified!

In order to create a playlist on Sporcle, you need to verify the email address you used during registration. Go to your Sporcle Settings to finish the process.

Report this User

Report this user for behavior that violates our Community Guidelines.

Details: